Normal view
MARC view
- Harold Samuel Trust
Entry Corporate Name
001 - CONTROL NUMBER
- control field: 4666
003 - CONTROL NUMBER IDENTIFIER
- control field: SIRSI
005 - DATE AND TIME OF LATEST TRANSACTION
- control field: 20190806150235.0
008 - FIXED-LENGTH DATA ELEMENTS
- fixed length control field: 050106n| aaannaabn |n ana d
040 ## - CATALOGING SOURCE
- Original cataloging agency: OSt
- Transcribing agency: OSt
110 ## - HEADING--CORPORATE NAME
- Corporate name or jurisdiction name as entry element: Harold Samuel Trust
670 ## - SOURCE DATA FOUND
- Source citation: The impact of ebusiness on the City of London office market, 2004